000 00645nam a2200253Ia 4500
003 OSt
005 20221007103614.0
006 a|||||r|||| 00| 0
007 ta
008 221006b |||||||| |||| 00| 0 eng d
024 _a13,577
037 _cTextual
040 _aLCO
_cLCO
_beng
041 _2eng
_aeng
082 _aZv2,N, P6
100 _aMinattur Joseph
245 0 _aIndian Legal System
250 _a2nd
260 _aNew
_bDelhi The Indian Law Institute India
_c2006
300 _a722
650 _aINDIAN LEGAL SYSTEM
_9681430
942 _hZv2,N, P6
_cTEXL
999 _c1183140
_d1183140